00619nam a2200193Ia 4500008004100000020001300041082001600054100001800070245005400088250000800142260003300150300002800183500001900211600002700230650001500257942000700272952013100279999001500410240925s9999 xx 000 0 und d a70841942 a621.381 ALL aAllison, John 0aElectronic Engineering Semiconductors and Devices a2nd aLondon:bMcGraw-Hillc,1990. axii,209p.bNAfOriginal aIncludes Index aElectronic Engineering aTechnology cBK 001040708ELaUITUbUITUd1997-01-30eRoyal Book Companyg520.00l0o621.381 ALLpQ1499r2024-09-25 07:12:27w2024-09-25yBK c3998d3998